| 000 | 03081nkm0a2200541 4500 | ||
|---|---|---|---|
| 001 | RU\NLR\BIBL_A\022568847 | ||
| 005 | 20260204000000.0 | ||
| 035 | _a(NLR Aleph) 022568847 | ||
| 071 | 5 | 0 |
_a5815 _d20 коп. _9150000 |
| 090 |
_a88519 _c88519 |
||
| 100 | _a20250618d1942 u y0rusy50 ca | ||
| 101 | 0 | _arus | |
| 102 | _aRU | ||
| 116 | _aiiyczz bf ad | ||
| 135 | _acrcn 024anaba | ||
| 181 | 0 |
_ab4 _bxb2e |
|
| 182 | 0 | _an | |
| 200 | 1 |
_aНемец - убийца, погромщик и вор. С немцем любым может быть разговор Только один: полный яростной мести! Под Ленинградом, средь южных степей, Где б не увидел ты немца, убей Гадину эту на месте! Демьян Бедный _e[плакат] _fхуд. Кукрыниксы _gредактор Е. Поволоцкая |
|
| 203 |
_aИзображение _bнеподвижное _bдвухмерное _bвизуальное _cнепосредственное |
||
| 210 |
_aМосква _aЛенинград _cИскусство _d1942 _eМосква _g1-я Образцовая типогрфя Огиза РСФСР треста "Полиграфкнига" |
||
| 215 |
_a1 л. _cхромолитогр. _d29х21,5 |
||
| 300 | _aНа изобр. по правому полю: "Кукрыниксы 42" | ||
| 300 | _aВ вып. данных: Л49583 от 4/VIII 1942 г.; Зак. №2067 | ||
| 301 | _aИзд. номер: № 5815 | ||
| 325 | _aКопия доступна в Электрон. б-ке РНБ | ||
| 606 | 1 |
_aПлакат русский советский _z1941 - 1945 _2nlr_sh2 _3RU\NLR\AUTH\661423877 |
|
| 606 | 1 |
_aВеликая Отечественная война _z1941 - 1945 _jПлакаты _2nlr_sh1 _2nlr_sh2 _3RU\NLR\AUTH\668893 |
|
| 606 | 1 |
_aДети в Великой Отечественной войне _z1941 - 1945 _jПлакаты _2nlr_sh1 _3RU\NLR\AUTH\66374747 |
|
| 686 | _aЩ153(2Р=Рус)7-466 | ||
| 700 | 1 |
_aКукрыниксы _3RU\NLR\AUTH\7719155 _4040 |
|
| 702 | 1 |
_aБедный _bД. _f1883-1945 _gДемьян _3RU\NLR\AUTH\7716300 _4070 |
|
| 712 | 0 | 2 |
_a"Полиграфкнига", трест _cМосква _3RU\NLR\AUTH\880553824 _4610 |
| 712 | 0 | 2 |
_a"Искусство", издательство _cМосква _3RU\NLR\AUTH\8810147805 _4650 |
| 852 | 0 | 0 |
_aNLR _bЭ _jПлИр995/3-78 _mЭПл1264 |
| 852 | 0 | 0 |
_aNLR _bЭ _jПлИр995/3-78 _mЭПл1265 |
| 852 | 0 | 0 |
_aNLR _bЭ _jПлИр995/3-78 _mЭПл1266 |
| 856 | 0 | _uhttps://vivaldi.nlr.ru/la700001229/view | |
| 856 | 1 | _uhttps://vivaldi.nlr.ru/la700001229/cover | |
| 856 | 2 | _uhttps://vivaldi.nlr.ru/la700001229/text | |
| 942 | _cVISUAL | ||
| 945 | _aРоссийская национальная библиотека | ||
| 980 | _aBV | ||
| 980 | _aNB | ||
| 981 | 1 | 7 |
_a(17) Изографические материалы _b(17) Плакаты |